Eurovision 2023 Bilderquiz Teil 1 - Statistiken

Allgemein
  • Dieses Quiz wurde 11 mal gespielt
  • Das Durchschnittsergebnis liegt bei 10 aus 13
Antwortstatistiken
Bildquiz Antwort % Korrekt
Norwegen
100%
Albanien
90%
Australien
90%
Griechenland
90%
Kroatien
90%
Aserbaidschan
80%
Malta
80%
Irland
70%
Polen
70%
Estland
60%
Georgien
60%
Rumänien
60%
Lettland
40%
Keine übereinstimmenden Quizze gefunden
Verteilung der Resultate
Anzahl Personen mit jedem Resultat
Perzentil nach korrekt beantworteten Fragen
Ihre Resultats-Entwicklung
Sie haben dieses Quiz noch nicht gespielt